00480nam a22001577a 450000500170000000800410001702000290005804100130008708200180010010000240011824500430014225000200018526000550020530000360026065000260029620231127084800.0231127b |||||||| |||| 00| 0 eng d a0459553763 ; 0459553984  aEnglish  a340.0971 CAL  aGall, GL lEnglish  aThe Canadian Legal System / cGL Gall  aFourth Edition  aCanada : bThomson Professional Publishing, c1995 blviii, 554 pages ; c24, 4 cm.  aLegal practice bLaw